Reforma del Estado y Empleo Público / (Registro nro. 31097)
[ vista simple ]
| 000 -LEADER | |
|---|---|
| fixed length control field | 02275nam a22002657a 4500 |
| 003 - CONTROL NUMBER IDENTIFIER | |
| control field | OSt |
| 005 - DATE AND TIME OF LATEST TRANSACTION | |
| control field | 20250930105628.0 |
| 008 - FIXED-LENGTH DATA ELEMENTS--GENERAL INFORMATION | |
| fixed length control field | 250929t |||d|||| |||| 00| 0 spa d |
| 020 ## - INTERNATIONAL STANDARD BOOK NUMBER | |
| International Standard Book Number | 9686403213 |
| 037 ## - SOURCE OF ACQUISITION | |
| Source of stock number/acquisition | Donación |
| 040 ## - CATALOGING SOURCE | |
| Original cataloging agency | CO-JMCR |
| Language of cataloging | spa |
| Transcribing agency | CO-JMCR |
| Modifying agency | CO-JMCR |
| Description conventions | rda |
| 041 0# - LANGUAGE CODE | |
| Language code of text/sound track or separate title | spa |
| 082 04 - DEWEY DECIMAL CLASSIFICATION NUMBER | |
| Edition number | 23 |
| Classification number | 337.091 |
| Item number | E77r |
| 100 1# - MAIN ENTRY--PERSONAL NAME | |
| Personal name | Espinoza Valle, Víctor Alejandro, |
| Dates associated with a name | 1958 - |
| Relator term | autor |
| 9 (RLIN) | 44379 |
| 245 10 - TITLE STATEMENT | |
| Title | Reforma del Estado y Empleo Público / |
| Statement of responsibility, etc. | Víctor Alejandro Espinoza Valle. |
| 250 ## - EDITION STATEMENT | |
| Edition statement | Primera Edición. |
| 260 ## - PUBLICATION, DISTRIBUTION, ETC. | |
| Place of publication, distribution, etc. | México: |
| Name of publisher, distributor, etc. | Instituto Nacional de Administración Pública, |
| Date of publication, distribution, etc. | 1993. |
| 300 ## - PHYSICAL DESCRIPTION | |
| Extent | 380 páginas : |
| Other physical details | Graficas ; |
| Dimensions | 23 cm. |
| 504 ## - BIBLIOGRAPHY, ETC. NOTE | |
| Bibliography, etc. note | Bibliografía : páginas 343-380 |
| 505 ## - FORMATTED CONTENTS NOTE | |
| Formatted contents note | La reforma del estado mexicano nueva epoca -- El empleo en el sector público mexicano -- La organización corporativa de la burocracia -- Relaciones laborales y conflictos en el sector público de baja California |
| 520 ## - SUMMARY, ETC. | |
| Summary, etc. | El libro Reforma del Estado y empleo público es resultado de una investigación sobre la “autorreforma” del Estado, esto es, el redimensionamiento del personal burocrático como parte de la modernización política en México.<br/>Este trabajo, distinguido con el Premio INAP 1992, ofrece un análisis a nivel federal y estatal del empleo público central y su relación con el sistema de representación sindical de los trabajadores al servicio del Estado, así como las especificidades del fenómeno para el caso de Baja California. Para ello el autor, Víctor Alejandro Espinoza Valle, investigador de El Colegio de la Frontera Norte (EL COLEF), logra reunir una vasta información cuantitativa y cualitativa, tanto de fuentes primarias como secundarias, cuya exposición y tratamiento resultan claros y exhaustivos.<br/>Por lo anterior, el jurado del Premio INAP tuvo el acierto de galardonar esta valiosa investigación, que ahora se da a conocer como un útil instrumento de estudio para los analistas de la administración pública en sus procesos actuales, con la seguridad de impulsar así el desarrollo de serias y sólidas investigaciones en la materia. |
| 650 24 - SUBJECT ADDED ENTRY--TOPICAL TERM | |
| Source of heading or term | JMCR |
| Topical term or geographic name entry element | Políticas públicas |
| General subdivision | reformas |
| Geographic subdivision | México |
| 9 (RLIN) | 44380 |
| 650 24 - SUBJECT ADDED ENTRY--TOPICAL TERM | |
| Source of heading or term | JMCR |
| Topical term or geographic name entry element | Economía internacional |
| General subdivision | reformas |
| Geographic subdivision | México |
| 9 (RLIN) | 44381 |
| 942 ## - ADDED ENTRY ELEMENTS (KOHA) | |
| Source of classification or shelving scheme | Dewey Decimal Classification |
| Koha item type | Books |
| Withdrawn status | Lost status | Source of classification or shelving scheme | Damaged status | Not for loan | Collection code | Home library | Current library | Shelving location | Date acquired | Source of acquisition | Total Checkouts | Full call number | Barcode | Date last seen | Copy number | Price effective from | Koha item type |
|---|---|---|---|---|---|---|---|---|---|---|---|---|---|---|---|---|---|
| Dewey Decimal Classification | Non-fiction | Biblioteca Pública José María del Castillo y Rada | Biblioteca Pública José María del Castillo y Rada | Book Cart | 07/10/2023 | donación | 337.091 E77r | 201812634 | 09/30/2025 | Ej. 1 | 09/30/2025 | Books |